<?xml version="1.0" encoding="UTF-8"?>
<record
    xmlns:xsi="http://www.w3.org/2001/XMLSchema-instance"
    xsi:schemaLocation="http://www.loc.gov/MARC21/slim http://www.loc.gov/standards/marcxml/schema/MARC21slim.xsd"
    xmlns="http://www.loc.gov/MARC21/slim">

  <leader>00697nam a22001577a 4500</leader>
  <controlfield tag="003">OSt</controlfield>
  <controlfield tag="005">20151004093349.0</controlfield>
  <controlfield tag="008">151004b        xxu||||| |||| 00| 0 eng d</controlfield>
  <datafield tag="040" ind1=" " ind2=" ">
    <subfield code="c">RUA</subfield>
  </datafield>
  <datafield tag="082" ind1=" " ind2=" ">
    <subfield code="a">AVM VEN 2002 B073 Or.1</subfield>
  </datafield>
  <datafield tag="100" ind1=" " ind2=" ">
    <subfield code="9">1966</subfield>
    <subfield code="a">VENN, VUTHY.</subfield>
  </datafield>
  <datafield tag="245" ind1=" " ind2=" ">
    <subfield code="a">Effect of dry sweet potato in mixed nutrition on growth of hubbard broiler chicken  (&#x17A5;&#x1791;&#x17D2;&#x1792;&#x17B7;&#x1796;&#x179B;&#x1793;&#x17C3;&#x1780;&#x17B6;&#x179A;&#x1794;&#x17D2;&#x179A;&#x17BE;&#x1794;&#x17D2;&#x179A;&#x17B6;&#x179F;&#x17CB;&#x1798;&#x17BE;&#x1798;&#x178A;&#x17C6;&#x17A1;&#x17BC;&#x1784;&#x1787;&#x17D2;&#x179C;&#x17B6;&#x179F;&#x17D2;&#x1784;&#x17BD;&#x178F;&#x1780;&#x17D2;&#x1793;&#x17BB;&#x1784;&#x1785;&#x17C6;&#x178E;&#x17B8;&#x1795;&#x17D2;&#x179F;&#x17C6;&#x179B;&#x17BE;&#x1780;&#x17B6;&#x179A;&#x179B;&#x17BC;&#x178F;&#x179B;&#x17B6;&#x179F;&#x17CB;&#x179A;&#x1794;&#x179F;&#x17CB;&#x1798;&#x17B6;&#x1793;&#x17CB;&#x179F;&#x17B6;&#x1785;&#x17CB;&#x1796;&#x17BC;&#x1787;&#x200B;HUBBARD)</subfield>
  </datafield>
  <datafield tag="260" ind1=" " ind2=" ">
    <subfield code="a">Phnom Penh </subfield>
    <subfield code="b">RUA</subfield>
    <subfield code="c">2002</subfield>
  </datafield>
  <datafield tag="300" ind1=" " ind2=" ">
    <subfield code="a">vii,44p.</subfield>
    <subfield code="b">ill.</subfield>
    <subfield code="c">29cm.</subfield>
  </datafield>
  <datafield tag="942" ind1=" " ind2=" ">
    <subfield code="2">ddc</subfield>
    <subfield code="c">AVM</subfield>
  </datafield>
  <datafield tag="999" ind1=" " ind2=" ">
    <subfield code="c">1859</subfield>
    <subfield code="d">1859</subfield>
  </datafield>
  <datafield tag="952" ind1=" " ind2=" ">
    <subfield code="0">0</subfield>
    <subfield code="1">0</subfield>
    <subfield code="2">ddc</subfield>
    <subfield code="4">0</subfield>
    <subfield code="6">AVM_VEN_2002_000000000000000_B073_OR_1</subfield>
    <subfield code="7">0</subfield>
    <subfield code="9">7827</subfield>
    <subfield code="a">LBB</subfield>
    <subfield code="b">LBB</subfield>
    <subfield code="c">B073</subfield>
    <subfield code="d">2015-10-04</subfield>
    <subfield code="l">2</subfield>
    <subfield code="o">AVM VEN 2002 B073 Or.1</subfield>
    <subfield code="p">RUA017177</subfield>
    <subfield code="r">2019-07-16</subfield>
    <subfield code="s">2019-06-25</subfield>
    <subfield code="w">2015-10-04</subfield>
    <subfield code="y">AVM</subfield>
  </datafield>
  <datafield tag="952" ind1=" " ind2=" ">
    <subfield code="0">0</subfield>
    <subfield code="1">0</subfield>
    <subfield code="2">ddc</subfield>
    <subfield code="4">0</subfield>
    <subfield code="6">AVM_VEN_2002_000000000000000_B073_OR_2</subfield>
    <subfield code="7">0</subfield>
    <subfield code="9">7828</subfield>
    <subfield code="a">LBB</subfield>
    <subfield code="b">LBB</subfield>
    <subfield code="c">B073</subfield>
    <subfield code="d">2015-10-04</subfield>
    <subfield code="l">2</subfield>
    <subfield code="o">AVM VEN 2002 B073 Or.2</subfield>
    <subfield code="p">RUA017075</subfield>
    <subfield code="r">2019-12-09</subfield>
    <subfield code="s">2019-11-27</subfield>
    <subfield code="w">2015-10-04</subfield>
    <subfield code="y">AVM</subfield>
  </datafield>
  <datafield tag="952" ind1=" " ind2=" ">
    <subfield code="0">0</subfield>
    <subfield code="1">0</subfield>
    <subfield code="2">ddc</subfield>
    <subfield code="4">0</subfield>
    <subfield code="6">AVM_VEN_2002_000000000000000_B073_OR_3</subfield>
    <subfield code="7">0</subfield>
    <subfield code="9">7829</subfield>
    <subfield code="a">LBB</subfield>
    <subfield code="b">LBB</subfield>
    <subfield code="c">B073</subfield>
    <subfield code="d">2015-10-04</subfield>
    <subfield code="l">2</subfield>
    <subfield code="o">AVM VEN 2002 B073 Or.3</subfield>
    <subfield code="p">RUA017218</subfield>
    <subfield code="r">2023-08-23</subfield>
    <subfield code="s">2023-08-01</subfield>
    <subfield code="w">2015-10-04</subfield>
    <subfield code="y">AVM</subfield>
  </datafield>
  <datafield tag="952" ind1=" " ind2=" ">
    <subfield code="0">0</subfield>
    <subfield code="1">0</subfield>
    <subfield code="2">ddc</subfield>
    <subfield code="4">0</subfield>
    <subfield code="6">AVM_VEN_2002_000000000000000_B073_OR_4</subfield>
    <subfield code="7">0</subfield>
    <subfield code="9">7830</subfield>
    <subfield code="a">LBB</subfield>
    <subfield code="b">LBB</subfield>
    <subfield code="c">B073</subfield>
    <subfield code="d">2015-10-04</subfield>
    <subfield code="o">AVM VEN 2002 B073 Or.4</subfield>
    <subfield code="p">RUA017292</subfield>
    <subfield code="r">2015-10-04</subfield>
    <subfield code="w">2015-10-04</subfield>
    <subfield code="y">AVM</subfield>
  </datafield>
  <datafield tag="952" ind1=" " ind2=" ">
    <subfield code="0">0</subfield>
    <subfield code="1">0</subfield>
    <subfield code="2">ddc</subfield>
    <subfield code="4">0</subfield>
    <subfield code="6">AVM_VEN_2002_000000000000000_B073_OR_5</subfield>
    <subfield code="7">0</subfield>
    <subfield code="9">7831</subfield>
    <subfield code="a">LBB</subfield>
    <subfield code="b">LBB</subfield>
    <subfield code="c">B073</subfield>
    <subfield code="d">2015-10-04</subfield>
    <subfield code="o">AVM VEN 2002 B073 Or.5</subfield>
    <subfield code="p">RUA017032</subfield>
    <subfield code="r">2015-10-04</subfield>
    <subfield code="w">2015-10-04</subfield>
    <subfield code="y">AVM</subfield>
  </datafield>
  <datafield tag="952" ind1=" " ind2=" ">
    <subfield code="0">0</subfield>
    <subfield code="1">0</subfield>
    <subfield code="2">ddc</subfield>
    <subfield code="4">0</subfield>
    <subfield code="6">AVM_VEN_2002_000000000000000_B073_OR_6</subfield>
    <subfield code="7">0</subfield>
    <subfield code="9">7832</subfield>
    <subfield code="a">LBB</subfield>
    <subfield code="b">LBB</subfield>
    <subfield code="c">B073</subfield>
    <subfield code="d">2015-10-04</subfield>
    <subfield code="l">1</subfield>
    <subfield code="o">AVM VEN 2002 B073 Or.6</subfield>
    <subfield code="p">RUA016572</subfield>
    <subfield code="r">2020-01-03</subfield>
    <subfield code="s">2019-12-02</subfield>
    <subfield code="w">2015-10-04</subfield>
    <subfield code="y">AVM</subfield>
  </datafield>
</record>
